Unforgiving Alphabetical US States on a Map Quiz Stats

 Plays Quiz Updated Aug 19, 2016

Score 0/50 Timer 08:00
32 Plays Today
% Correct
???
100%
???
94.2%
???
82.6%
???
76.8%
???
72.7%
???
65.3%
???
61.5%
???
57.9%
???
56%
???
54.9%
???
52.5%
???
49.5%
???
47%
???
46.1%
???
44.4%
???
40.9%
???
39.6%
???
38.3%
???
36.7%
???
33.3%
???
31.6%
???
29.9%
???
27.5%
???
25.5%
???
24.5%
% Correct
???
23.3%
???
21.3%
???
20%
???
18.2%
???
17.3%
???
16.7%
???
16.3%
???
14.7%
???
14.6%
???
14%
???
13.1%
???
12.6%
???
12.4%
???
12.2%
???
11.9%
???
11.8%
???
11.6%
???
11.5%
???
11.3%
???
10.9%
???
10.7%
???
10.5%
???
10.4%
???
10.3%
???
10.3%

You're not logged in!

Compare scores with friends on all Sporcle quizzes.
Join for Free
OR
Log In

You Might Also Like...

Show Comments

Extras

Top Quizzes Today


Score Distribution

Your Account Isn't Verified!

In order to create a playlist on Sporcle, you need to verify the email address you used during registration. Go to your Sporcle Settings to finish the process.

Report this User

Report this user for behavior that violates our Community Guidelines.

Details: